|
|
|
|
| LEADER |
01077nam a2200265 a 4500 |
| 001 |
GR-MES9914 |
| 008 |
060322s nyu b 000 0 gre d |
| 020 |
|
|
|a 007068376X
|
| 040 |
|
|
|a GrPaTEI
|b gre
|c GR-PaULI
|
| 040 |
|
|
|a GrPaTEI
|b gre
|c GR-PaULI
|
| 100 |
1 |
|
|a Legates, J.E
|
| 245 |
1 |
0 |
|a Breeding and improvement of farm animals /
|c J.E.Legates , Everett J. Warwick.
|
| 250 |
|
|
|a 8th ed.
|
| 260 |
|
|
|a New York :
|b McGraw-Hill,
|c 1990
|
| 300 |
|
|
|a x , 342σ. ;
|c 24εκ.
|
| 490 |
0 |
|
|a McGraw-Hill publications in the agricultural sciences
|
| 500 |
|
|
|a Warwick's name appears first on the earlier edition
|
| 504 |
|
|
|a Περιλαμβάνει βιβλιογραφικές παραπομπές
|
| 650 |
|
0 |
|a Livestock
|x Breeding
|
| 650 |
|
0 |
|a Livestock
|x Genetics
|
| 700 |
1 |
|
|a Warwick, Everett J.
|
| 942 |
|
|
|2 ddc
|
| 952 |
|
|
|0 0
|1 0
|2 ddc
|4 0
|6 636_082000000000000_LEG
|7 0
|9 280110
|a MSLG
|b MSLG
|c BSC
|d 2021-01-17
|e 24
|f 0
|g 0.00
|l 0
|o 636.082 LEG
|p 2420000020046
|r 2021-01-17 00:00:00
|t 1
|w 2021-01-17
|y BK15
|x 20060322 0 1
|x GrPaTEI
|
| 971 |
|
|
|a .b25883859
|b 15-04-20
|c 14-09-16
|
| 999 |
|
|
|c 163292
|d 163292
|